[Event "AUT-chT2W 2223"]
[Site "Austria"]
[Date "2022.09.23"]
[Round "1.6"]
[White "Schiestl, Josef"]
[Black "Praxmarer, Christian"]
[Result "1-0"]
[WhiteElo "2105"]
[BlackElo "1965"]
[PlyCount "73"]
[EventDate "2022.09.23"]
[EventType "team-tourn"]
[EventRounds "11"]
[EventCountry "AUT"]
[SourceTitle "CBM 210 Extra"]
[Source "ChessBase"]
[SourceDate "2022.11.30"]
[SourceVersion "1"]
[SourceVersionDate "2022.11.30"]
[SourceQuality "1"]
[WhiteTeam "Mayrhofen/Zillertal"]
[BlackTeam "Pradl"]
[WhiteTeamCountry "AUT"]
[BlackTeamCountry "AUT"]

1. e4 e6 2. d4 d5 3. Nd2 Nf6 4. Bd3 c5 5. e5 Nfd7 6. c3 Nc6 7. Ne2 cxd4 8. cxd4 a5 9. 0-0 a4 10. a3 Nb6 11. Nf3 Bd7 12. Bg5 Be7 13. Bxe7 Nxe7 14. Nc3 Nc4 15. Qe2 Rc8 16. Bxc4 Rxc4 17. Rfd1 Nf5 18. Rd2 0-0 19. Re1 Qe7 20. h3 Rfc8 21. g4 Nh4 22. Nxh4 Qxh4 23. Qf3 b5 24. Na2 h5 25. Kg2 Qg5 26. Qe3 Qxe3 27. Rxe3 hxg4 28. hxg4 f5 29. gxf5 exf5 30. e6 Be8 31. Nb4 f4 32. Re5 Rd8 33. Kf3 Rd6 34. Kxf4 Bc6 35. Nxc6 Rcxc6 36. e7 Rf6+ 37. Ke3 1-0

[Event "AUT-chT2W 2122"]
[Site "Austria"]
[Date "2022.06.04"]
[Round "7.6"]
[White "Stadler, Alexander"]
[Black "Schiestl, Josef"]
[Result "0-1"]
[WhiteElo "2111"]
[BlackElo "2117"]
[PlyCount "88"]
[EventDate "2021.10.15"]
[EventType "team-tourn"]
[EventRounds "11"]
[EventCountry "AUT"]
[SourceTitle "EXT 2023"]
[Source "ChessBase"]
[SourceDate "2022.10.05"]
[SourceVersion "1"]
[SourceVersionDate "2022.10.05"]
[SourceQuality "1"]
[WhiteTeam "Ranshofen"]
[BlackTeam "Mayrhofen/Zillertal"]
[WhiteTeamCountry "AUT"]
[BlackTeamCountry "AUT"]

1. e4 c5 2. Nf3 a6 3. b4 cxb4 4. d4 e6 5. Bd3 Ne7 6. h4 d6 7. Be3 Nbc6 8. Nbd2 b5 9. Qe2 d5 10. e5 Na5 11. h5 h6 12. g4 Nc4 13. Nh4 Nc6 14. f4 Nxe3 15. Qxe3 Be7 16. Ndf3 Na5 17. Ke2 Nc4 18. Qg1 Bd7 19. g5 hxg5 20. Ng6 fxg6 21. Bxg6+ Kf8 22. Nxg5 Bxg5 23. fxg5 Be8 24. Rf1+ Ke7 25. Qf2 Kd7 26. Bxe8+ Qxe8 27. Qf7+ Qe7 28. Qg6 Raf8 29. h6 gxh6 30. Rxf8 Rxf8 31. Rxh6 Rf7 32. Qh5 Qf8 33. Rf6 Rxf6 34. exf6 Nd6 35. Qh7+ Ke8 36. Qc7 Ne4 37. Qb8+ Kf7 38. g6+ Kg8 39. f7+ Kg7 40. Qe8 Nf6 41. Qxe6 Kxg6 42. Qxa6 Qxf7 43. Qxb5 Qe8+ 44. Qxe8+ Nxe8 0-1

[Event "AUT-chT 1920"]
[Site "Austria"]
[Date "2020.01.12"]
[Round "8.6"]
[White "Engel, Luis"]
[Black "Schiestl, Josef"]
[Result "1/2-1/2"]
[WhiteElo "2541"]
[BlackElo "2109"]
[PlyCount "42"]
[EventDate "2019.10.10"]
[EventType "team-tourn"]
[EventRounds "11"]
[EventCountry "AUT"]
[SourceTitle "CBM 194 Extra"]
[Source "ChessBase"]
[SourceDate "2020.03.31"]
[SourceVersion "1"]
[SourceVersionDate "2020.03.31"]
[SourceQuality "1"]
[WhiteTeam "Jenbach"]
[BlackTeam "Mayrhofen/Zillertal"]
[WhiteTeamCountry "AUT"]
[BlackTeamCountry "AUT"]

1. e4 c5 2. Nf3 e6 3. d4 cxd4 4. Nxd4 a6 5. Bd3 Bc5 6. Nb3 Ba7 7. 0-0 Nc6 8. Qg4 Nf6 9. Qxg7 Rg8 10. Qh6 d6 11. Bg5 Rg6 12. Qh4 Ne5 13. N1d2 h6 14. Bf4 Nxd3 15. cxd3 Rg4 16. Qxh6 Rg6 17. Qh8+ Rg8 18. Qh4 Rg4 19. Qh8+ Rg8 20. Qh4 Rg4 21. Qh8+ Rg8 1/2-1/2

[Event "AUT-chT 1819"]
[Site "Austria"]
[Date "2019.01.17"]
[Round "5.4"]
[White "Boensch, Uwe"]
[Black "Schiestl, Josef"]
[Result "1/2-1/2"]
[WhiteElo "2553"]
[BlackElo "2138"]
[PlyCount "79"]
[EventDate "2018.11.15"]
[EventType "team-tourn"]
[EventRounds "11"]
[EventCountry "AUT"]
[SourceTitle "CBM 188 Extra"]
[Source "ChessBase"]
[SourceDate "2019.02.26"]
[SourceVersion "1"]
[SourceVersionDate "2019.02.26"]
[SourceQuality "1"]
[WhiteTeam "Jenbach"]
[BlackTeam "Mayrhofen/Zillertal"]
[WhiteTeamCountry "AUT"]
[BlackTeamCountry "AUT"]

1. d4 Nf6 2. c4 g6 3. Nc3 Bg7 4. e4 d6 5. h3 0-0 6. Nf3 e5 7. d5 a5 8. g4 Na6 9. Be3 Nc5 10. Nd2 c6 11. Be2 a4 12. Kf1 Qa5 13. Rb1 Bd7 14. g5 Ne8 15. Kg2 f5 16. f3 Nc7 17. Qg1 N7a6 18. a3 Rab8 19. h4 f4 20. Bf2 Qd8 21. Qd1 Rf7 22. b4 axb3 23. Nxb3 Nxb3 24. Qxb3 c5 25. Qb6 Nc7 26. Rb3 Ra8 27. Qxb7 Bc8 28. Qc6 Ra6 29. Rb6 Rxa3 30. Nb5 Nxb5 31. Qxb5 Rfa7 32. Rb1 Bf8 33. Rb8 Ra8 34. Rxa8 Rxa8 35. Kg1 Be7 36. Qb6 Qxb6 37. Rxb6 Kf7 38. Rb2 Ra1+ 39. Kg2 Ba6 40. Rc2 1/2-1/2

[Event "Steyr Landesliga 1718"]
[Site "Austria"]
[Date "2017.11.18"]
[Round "5.7"]
[White "Schloffer, Jasmin Denise"]
[Black "Schiestl, Josef"]
[Result "1-0"]
[WhiteElo "1993"]
[BlackElo "1772"]
[PlyCount "87"]
[EventDate "2017.09.30"]
[EventType "team-tourn"]
[EventRounds "11"]
[EventCountry "AUT"]
[SourceTitle "EXT 2019"]
[Source "ChessBase"]
[SourceDate "2018.10.10"]
[SourceVersion "1"]
[SourceVersionDate "2018.10.10"]
[SourceQuality "1"]
[WhiteTeam "Feldbach Kirchberg"]
[BlackTeam "Spg ISR"]
[WhiteTeamCountry "AUT"]
[BlackTeamCountry "AUT"]

1. d4 d5 2. c4 Nf6 3. cxd5 g6 4. Nc3 Nxd5 5. e4 Nxc3 6. bxc3 Bg7 7. Nf3 0-0 8. Be2 c5 9. 0-0 Qc7 10. Be3 Nd7 11. Qb3 b6 12. Bc4 Bb7 13. Ng5 e6 14. f3 Rae8 15. Rac1 a6 16. a4 h6 17. Nh3 Kh7 18. Nf2 Nb8 19. Rb1 Nd7 20. Rfc1 Rb8 21. Nd3 b5 22. axb5 axb5 23. Bxb5 Ba6 24. Qc4 Rxb5 25. Rxb5 Rb8 26. Rxc5 Nxc5 27. Qxc5 Qb7 28. Nf4 Bf8 29. Qa5 Ra8 30. Qa2 Bd3 31. Qd2 Bc4 32. Qe1 Ra2 33. Rb1 Qa6 34. Qg3 Qa3 35. Nxg6 Bg7 36. Ne5 Ba6 37. Rc1 Re2 38. Bf4 Qb2 39. Nxf7 Rc2 40. Rxc2 Qxc2 41. Qe1 Be2 42. h3 Qd3 43. Ne5 Qc2 44. Kh1 1-0

[Event "AUT-chT2W 1617"]
[Site "Austria"]
[Date "2017.03.03"]
[Round "9.6"]
[White "Khachatouri, Saro"]
[Black "Schiestl, Josef"]
[Result "1-0"]
[WhiteElo "1832"]
[BlackElo "2123"]
[PlyCount "49"]
[EventDate "2016.10.28"]
[EventType "team-tourn"]
[EventRounds "11"]
[EventCountry "AUT"]
[SourceTitle "CBM 177 Extra"]
[Source "ChessBase"]
[SourceDate "2017.04.27"]
[SourceVersion "1"]
[SourceVersionDate "2017.04.27"]
[SourceQuality "1"]
[WhiteTeam "Goetzis II"]
[BlackTeam "Zillertal"]
[WhiteTeamCountry "AUT"]
[BlackTeamCountry "AUT"]

1. e4 c5 2. Nf3 e6 3. g3 Nc6 4. Bg2 g6 5. d4 cxd4 6. Nxd4 Qb6 7. Nb3 d6 8. 0-0 Qc7 9. Nc3 a6 10. Be3 Nf6 11. a4 b6 12. e5 dxe5 13. Qf3 Nd5 14. Nxd5 exd5 15. Qf6 Rg8 16. Bxd5 Bb7 17. a5 Nxa5 18. Rxa5 bxa5 19. Bb6 Qd7 20. Qxe5+ Be7 21. Bxb7 Qxb7 22. Re1 Kf8 23. Nc5 f6 24. Qe6 Bxc5 25. Qxf6+ 1-0

[Event "AUT-chT2W 1617"]
[Site "Austria"]
[Date "2016.11.26"]
[Round "5.6"]
[White "Sandholzer, Robert"]
[Black "Schiestl, Josef"]
[Result "0-1"]
[WhiteElo "2139"]
[BlackElo "2123"]
[PlyCount "74"]
[EventDate "2016.10.28"]
[EventType "team-tourn"]
[EventRounds "11"]
[EventCountry "AUT"]
[SourceTitle "CBM 177 Extra"]
[Source "ChessBase"]
[SourceDate "2017.04.27"]
[SourceVersion "1"]
[SourceVersionDate "2017.04.27"]
[SourceQuality "1"]
[WhiteTeam "Hohenems II"]
[BlackTeam "Zillertal"]
[WhiteTeamCountry "AUT"]
[BlackTeamCountry "AUT"]

1. e4 c5 2. Nf3 e6 3. d4 cxd4 4. Nxd4 a6 5. Bd3 Bc5 6. Nb3 Ba7 7. Qg4 Nf6 8. Qg3 d6 9. Nc3 Nc6 10. 0-0 b5 11. Kh1 Bb7 12. f4 b4 13. Ne2 h5 14. Ng1 h4 15. Qh3 d5 16. e5 Ne4 17. Bxe4 dxe4 18. Be3 Bxe3 19. Qxe3 Ne7 20. Rfd1 Qc7 21. Nd4 Nd5 22. Qf2 h3 23. Nxh3 Rxh3 24. gxh3 e3 25. Qh4 Nxf4+ 26. Kg1 Qxe5 27. Qh8+ Ke7 28. Qh4+ g5 29. Qg4 e2 30. Nxe2 Nxe2+ 31. Kf1 Nf4 32. h4 Rg8 33. Rd2 f5 34. Qg1 g4 35. Rad1 Bf3 36. Rd7+ Kf6 37. Qa7 Qe2+ 0-1

[Event "AUT-chT2W 1516"]
[Site "Austria"]
[Date "2015.10.16"]
[Round "1.5"]
[White "Schiestl, Josef"]
[Black "Hajdarevic, Dino"]
[Result "1-0"]
[WhiteElo "2128"]
[BlackElo "2135"]
[PlyCount "59"]
[EventDate "2015.10.16"]
[EventType "team-tourn"]
[EventRounds "11"]
[EventCountry "AUT"]
[SourceTitle "CBM 168 Extra"]
[Source "ChessBase"]
[SourceDate "2015.10.29"]
[SourceVersion "1"]
[SourceVersionDate "2015.10.29"]
[SourceQuality "1"]
[WhiteTeam "Zillertal"]
[BlackTeam "Voels/Innsbruck"]
[WhiteTeamCountry "AUT"]
[BlackTeamCountry "AUT"]

1. e4 c5 2. Nf3 d6 3. d4 cxd4 4. Nxd4 Nf6 5. Nc3 a6 6. Be3 e5 7. Nb3 Be7 8. h3 Be6 9. f4 exf4 10. Bxf4 Nc6 11. Qe2 Ne5 12. 0-0-0 Qc7 13. g4 0-0 14. g5 Nfd7 15. Kb1 Rac8 16. Qg2 Nb6 17. h4 Nec4 18. Bc1 Rfe8 19. h5 Bf8 20. g6 fxg6 21. hxg6 h6 22. Nd4 Qe7 23. Be2 Na3+ 24. Ka1 Bd7 25. Rh5 Rc5 26. bxa3 Rxc3 27. Bd3 Nc4 28. Qe2 Ne5 29. Bg5 hxg5 30. Rh8+ 1-0

[Event "AUT-chT 1415"]
[Site "Austria"]
[Date "2014.11.20"]
[Round "1.6"]
[White "Schiestl, Josef"]
[Black "Novkovic, Milan"]
[Result "0-1"]
[WhiteElo "2101"]
[BlackElo "2373"]
[PlyCount "92"]
[EventDate "2014.11.20"]
[EventType "team-tourn"]
[EventRounds "11"]
[EventCountry "AUT"]
[SourceTitle "CBM 163 Extra"]
[Source "ChessBase"]
[SourceDate "2014.12.23"]
[SourceVersion "1"]
[SourceVersionDate "2014.12.23"]
[SourceQuality "1"]
[WhiteTeam "Mayrhofen/Zillertal"]
[BlackTeam "Hohenems"]
[WhiteTeamCountry "AUT"]
[BlackTeamCountry "AUT"]

1. e4 e6 2. d4 d5 3. Nd2 a6 4. Ngf3 c5 5. dxc5 Bxc5 6. Bd3 Nf6 7. 0-0 0-0 8. a3 Nc6 9. b4 Ba7 10. Bb2 b5 11. Qe2 Bb7 12. Rad1 Rc8 13. e5 Nd7 14. h4 h6 15. Nb3 Bb8 16. Rfe1 Qe7 17. h5 Rce8 18. Qd2 Qd8 19. Re2 Qc7 20. Rde1 Nb6 21. Nbd4 Nc4 22. Bxc4 dxc4 23. Nxc6 Qxc6 24. Bd4 Rd8 25. Qe3 Rd5 26. Rd2 Rfd8 27. Red1 R8d7 28. Bc3 Bc7 29. Rxd5 Rxd5 30. Rxd5 Qxd5 31. Bd4 Bd8 32. Ne1 Bg5 33. f4 Bh4 34. Nf3 Bg3 35. c3 Qe4 36. Qxe4 Bxe4 37. Nd2 Bd3 38. Be3 Be1 39. Kh2 Kh7 40. Kh3 g6 41. hxg6+ Kxg6 42. g3 h5 43. Kg2 Kf5 44. Kf3 Bc2 45. a4 Bxa4 46. Nb1 Bd1+ 0-1

[Event "AUT-chT2W 1314"]
[Site "Austria"]
[Date "2014.03.08"]
[Round "10.6"]
[White "Huber, Wolfgang"]
[Black "Schiestl, Josef"]
[Result "0-1"]
[WhiteElo "2049"]
[BlackElo "2100"]
[PlyCount "46"]
[EventDate "2013.10.18"]
[EventType "team-tourn"]
[EventRounds "11"]
[EventCountry "AUT"]
[SourceTitle "EXT 2015"]
[Source "ChessBase"]
[SourceDate "2014.11.20"]
[SourceVersion "1"]
[SourceVersionDate "2014.11.20"]
[SourceQuality "1"]
[WhiteTeam "Bernhard II"]
[BlackTeam "Zillertal"]
[WhiteTeamCountry "AUT"]
[BlackTeamCountry "AUT"]

1. e4 c5 2. c3 Nf6 3. e5 Nd5 4. Nf3 d6 5. exd6 e6 6. Bc4 Bxd6 7. 0-0 0-0 8. d4 cxd4 9. cxd4 Nc6 10. Nc3 Nxc3 11. bxc3 b6 12. Ng5 h6 13. Ne4 Be7 14. Qh5 Na5 15. Bd3 Qd5 16. Qe2 Bb7 17. f3 Rac8 18. Bd2 Rfd8 19. Rfc1 Nc4 20. Bf4 Kf8 21. a4 Na5 22. Nd2 Rxc3 23. Be5 Rxd3 0-1

[Event "AUT-chT2W 1314"]
[Site "Austria"]
[Date "2013.12.01"]
[Round "5.6"]
[White "Mira, Helene"]
[Black "Schiestl, Josef"]
[Result "1/2-1/2"]
[WhiteElo "2070"]
[BlackElo "2100"]
[PlyCount "60"]
[EventDate "2013.10.18"]
[EventType "team-tourn"]
[EventRounds "11"]
[EventCountry "AUT"]
[SourceTitle "CBM 157 Extra"]
[Source "ChessBase"]
[SourceDate "2013.12.19"]
[SourceVersion "1"]
[SourceVersionDate "2013.12.19"]
[SourceQuality "1"]
[WhiteTeam "Bregenz"]
[BlackTeam "Zillertal"]
[WhiteTeamCountry "AUT"]
[BlackTeamCountry "AUT"]

1. Nf3 Nf6 2. c4 g6 3. Nc3 Bg7 4. e4 d6 5. d4 0-0 6. Be2 e5 7. d5 a5 8. Bg5 h6 9. Bh4 Na6 10. Nd2 Qe8 11. 0-0 Nh7 12. g4 Bd7 13. Kh1 Ng5 14. Bxg5 hxg5 15. f3 Bf6 16. Kg2 Kg7 17. h3 Bd8 18. Nb3 a4 19. Nc1 Nb4 20. a3 Na6 21. Nd3 b6 22. Qd2 Nc5 23. Bd1 Be7 24. Bc2 Nb7 25. Nb4 Ra5 26. Qd1 Ra8 27. Rc1 Nc5 28. Nd3 Nb7 29. Nb4 Nc5 30. Nd3 Nb7 1/2-1/2

[Event "AUT-chT2W 1213"]
[Site "Austria"]
[Date "2013.01.13"]
[Round "8.4"]
[White "Schiestl, Josef"]
[Black "Huch, Reiner"]
[Result "0-1"]
[WhiteElo "2115"]
[BlackElo "2317"]
[PlyCount "64"]
[EventDate "2012.10.05"]
[EventType "team-tourn"]
[EventRounds "11"]
[EventCountry "AUT"]
[SourceTitle "EXT 2014"]
[Source "ChessBase"]
[SourceDate "2013.11.20"]
[SourceVersion "1"]
[SourceVersionDate "2013.11.20"]
[SourceQuality "1"]
[WhiteTeam "Zillertal"]
[BlackTeam "Bernhard"]
[WhiteTeamCountry "AUT"]
[BlackTeamCountry "AUT"]

1. e4 e6 2. d4 d5 3. Nd2 Nf6 4. Bd3 c5 5. e5 Nfd7 6. c3 Nc6 7. Ne2 cxd4 8. cxd4 f6 9. exf6 Qxf6 10. Nf3 h6 11. 0-0 Bd6 12. Be3 a6 13. Rc1 0-0 14. Bb1 Rd8 15. Ng3 Nf8 16. Re1 Bd7 17. a3 Be8 18. Qd2 Bg6 19. Bxg6 Nxg6 20. Ne2 Nce7 21. Qd3 Nf5 22. Bd2 Rf8 23. Rf1 Ngh4 24. Nxh4 Qxh4 25. g3 Qh3 26. f4 Rac8 27. Rc3 Rxc3 28. Qxc3 b5 29. Qf3 Bb8 30. Kh1 Ba7 31. Bc3 Rf6 32. Ng1 Nxg3+ 0-1

[Event "AUT-chT2W 1112"]
[Site "Austria"]
[Date "2012.01.29"]
[Round "8.6"]
[White "Schiestl, Josef"]
[Black "Froewis, Annika"]
[Result "1-0"]
[WhiteElo "2135"]
[BlackElo "1978"]
[PlyCount "37"]
[EventDate "2011.10.07"]
[EventType "team-tourn"]
[EventRounds "11"]
[EventCountry "AUT"]
[SourceTitle "EXT 2013"]
[Source "ChessBase"]
[SourceDate "2012.11.22"]
[SourceVersion "1"]
[SourceVersionDate "2012.11.22"]
[SourceQuality "1"]
[WhiteTeam "Zillertal"]
[BlackTeam "Bregenz"]
[WhiteTeamCountry "AUT"]
[BlackTeamCountry "AUT"]

1. e4 e5 2. Bc4 Nc6 3. Nf3 Bc5 4. c3 Nf6 5. d3 a6 6. Bb3 Ba7 7. h3 h6 8. Nbd2 0-0 9. Nc4 Re8 10. 0-0 d6 11. Be3 b5 12. Ncd2 d5 13. Bxa7 Rxa7 14. Re1 dxe4 15. Nxe4 Bf5 16. Nxf6+ gxf6 17. Re3 Na5 18. Nh4 Nxb3 19. Nxf5 1-0

[Event "AUT-chT2W 1112"]
[Site "Austria"]
[Date "2011.10.09"]
[Round "3.6"]
[White "Schiestl, Josef"]
[Black "Binder, Moriz"]
[Result "1-0"]
[WhiteElo "2135"]
[BlackElo "1940"]
[PlyCount "31"]
[EventDate "2011.10.07"]
[EventType "team-tourn"]
[EventRounds "11"]
[EventCountry "AUT"]
[SourceTitle "CBM 144 Extra"]
[Source "ChessBase"]
[SourceDate "2011.10.28"]
[SourceVersion "1"]
[SourceVersionDate "2011.10.28"]
[SourceQuality "1"]
[WhiteTeam "Zillertal"]
[BlackTeam "Schwaz"]
[WhiteTeamCountry "AUT"]
[BlackTeamCountry "AUT"]

1. e4 e5 2. f4 exf4 3. Nf3 d6 4. Bc4 Nc6 5. d4 Nf6 6. Nc3 Qe7 7. 0-0 Bg4 8. Bxf4 0-0-0 9. Qd3 Nb4 10. Qd2 Nxe4 11. Nxe4 Qxe4 12. Ng5 Qc6 13. Bb3 d5 14. Nxf7 Re8 15. Nxh8 g5 16. Be5 1-0

[Event "AUT-chT 0910"]
[Site "Austria"]
[Date "2010.01.17"]
[Round "7.6"]
[White "Hagara, Eduard"]
[Black "Schiestl, Josef"]
[Result "1-0"]
[WhiteElo "2383"]
[BlackElo "2118"]
[PlyCount "64"]
[EventDate "2009.11.06"]
[EventType "team-tourn"]
[EventRounds "11"]
[EventCountry "AUT"]
[SourceTitle "EXT 2011"]
[Source "ChessBase"]
[SourceDate "2010.11.26"]
[SourceVersion "1"]
[SourceVersionDate "2010.11.26"]
[SourceQuality "1"]
[WhiteTeam "Lackenbach"]
[BlackTeam "Mayrhofen/Zillertal"]
[WhiteTeamCountry "AUT"]
[BlackTeamCountry "AUT"]

1. e4 c5 2. Nf3 e6 3. c3 Nf6 4. e5 Nd5 5. d4 cxd4 6. cxd4 Nc6 7. Bc4 Nb6 8. Bb3 d6 9. exd6 Bxd6 10. 0-0 0-0 11. Nc3 Be7 12. Ne4 Nd5 13. a3 b6 14. Qd3 Nf6 15. Bc2 g6 16. Neg5 Bb7 17. Re1 Qd6 18. b4 a6 19. Bb3 Nd5 20. Ne4 Qd8 21. Bh6 Re8 22. Rad1 Nf6 23. Neg5 Nd5 24. h4 Bf8 25. Bxf8 Rxf8 26. h5 Nf4 27. Qe3 Nxh5 28. d5 exd5 29. Bxd5 Qf6 30. Qxb6 Rab8 31. Ne4 Qd8 32. Neg5 Qf6 1-0

[Event "AUT-chT 0910"]
[Site "Austria"]
[Date "2009.11.07"]
[Round "2.6"]
[White "Schiestl, Josef"]
[Black "Karner, Christoph"]
[Result "1/2-1/2"]
[WhiteElo "2118"]
[BlackElo "2384"]
[PlyCount "81"]
[EventDate "2009.11.06"]
[EventType "team-tourn"]
[EventRounds "11"]
[EventCountry "AUT"]
[SourceTitle "EXT 2010"]
[Source "ChessBase"]
[SourceDate "2010.11.25"]
[SourceVersion "1"]
[SourceVersionDate "2010.11.25"]
[SourceQuality "1"]
[WhiteTeam "Mayrhofen/Zillertal"]
[BlackTeam "Holz Dohr"]
[WhiteTeamCountry "AUT"]
[BlackTeamCountry "AUT"]

1. e4 c6 2. d4 d5 3. e5 c5 4. dxc5 Nc6 5. Bb5 e6 6. Be3 Bd7 7. Bxc6 Bxc6 8. Nf3 Ne7 9. Nd4 Qc7 10. f4 g5 11. Qh5 Bd7 12. 0-0 gxf4 13. Nc3 Ng6 14. Bxf4 Qxc5 15. Be3 Qb4 16. Nb3 Qh4 17. Qxh4 Nxh4 18. Rf2 Bg7 19. Bd4 Nf5 20. Re1 Nxd4 21. Nxd4 a6 22. Nf3 0-0 23. Ne2 Rfc8 24. Ned4 h6 25. c3 b5 26. a3 a5 27. Nc2 Rc4 28. Nd2 Rc7 29. Rf4 Rb8 30. Re3 Bf8 31. Rg3+ Kh8 32. Rxf7 b4 33. axb4 axb4 34. Nxb4 Bc5+ 35. Kh1 Bxb4 36. cxb4 Rc1+ 37. Nf1 Rxb4 38. Rf8+ Kh7 39. Rf7+ Kh8 40. Rf8+ Kh7 41. Rf7+ 1/2-1/2